Score 0/26 Timer 03:00
0 Plays Today
Candy Name Missing Word % Correct
____ JoyAlmond
94.3%
____ TamalesHot
93%
____ and LaterNow
92.8%
____ RanchersJolly
91.8%
____ RollsTootsie
88.6%
____ HotsRed
87.6%
____ & PlentyGood
87.6%
____ Peppermint PattieYork
82.7%
____ DayPay
76.3%
____ HenryOh
72.1%
____ DipFun
69%
____ BabiesSugar
67.9%
____ GobstopperEverlasting
67.6%
Candy Name Missing Word % Correct
____ Baked BeansBoston
55.3%
___-___ PopsDum-Dum
51.4%
____ Slices Watermelon
49.4%
Red ____Licorice
40.5%
____ Care GumXtra
31.6%
____ SpudIdaho
31.1%
____TalesCow
24.6%
____ Candy BarZero
17.6%
____ GumQuench
6.3%
____ fruit chewsMamba
6.2%
____ CrumbleViolet
4.7%
____ KubesKola
2.5%
____ Twister PopsUnicorn
1.3%

Today's Daily Dose

Remove Ads.
Support Sporcle.
Get the best of Sporcle when you Go Orange. This ad-free experience offers more features, more stats, and more fun while also helping to support Sporcle. Thank you for becoming a member.

You're not logged in!

Compare scores with friends on all Sporcle quizzes.
OR
Log In

Show Comments

Extras

Top Quizzes Today


Score Distribution

Your Account Isn't Verified!

In order to create a playlist on Sporcle, you need to verify the email address you used during registration. Go to your Sporcle Settings to finish the process.

Report this User

Report this user for behavior that violates our Community Guidelines.

Details: